The Indian Partnership Act (Record no. 1311932)
[ view plain ]
| 000 -LEADER | |
|---|---|
| fixed length control field | 00517nam a2200193Ia 4500 |
| 005 - DATE AND TIME OF LATEST TRANSACTION | |
| control field | 20250610104900.0 |
| 008 - FIXED-LENGTH DATA ELEMENTS--GENERAL INFORMATION | |
| fixed length control field | 008 250505s9999 xx 000 0 eng d |
| 020 ## - INTERNATIONAL STANDARD BOOK NUMBER | |
| International Standard Book Number | 9789388548212 |
| 040 ## - CATALOGING SOURCE | |
| Language of cataloging | eng |
| Transcribing agency | ILCL |
| 041 ## - LANGUAGE CODE | |
| Language code of text/sound track or separate title | eng |
| Source of code | eng |
| 084 ## - COLON CLASSIFICATION NUMBER | |
| Classification number | Z2,315 Q9 |
| 100 ## - MAIN ENTRY--PERSONAL NAME | |
| Personal name | Pollock, Sir Frederick |
| 245 #4 - TITLE STATEMENT | |
| Title | The Indian Partnership Act |
| 250 ## - EDITION STATEMENT | |
| Edition statement | 8 |
| 260 ## - PUBLICATION, DISTRIBUTION, ETC. | |
| Place of publication, distribution, etc. | Haryana |
| Name of publisher, distributor, etc. | Lexis Nexis |
| Date of publication, distribution, etc. | 2019 |
| 300 ## - PHYSICAL DESCRIPTION | |
| Extent | lxxvi,541p. |
| 700 ## - ADDED ENTRY--PERSONAL NAME | |
| Personal name | Mulla,Sir Dinshaw Fardunji |
| 942 ## - ADDED ENTRY ELEMENTS (KOHA) | |
| Koha item type | Textbook |
| Source of classification or shelving scheme | |
| 100 ## - MAIN ENTRY--PERSONAL NAME | |
| -- | 501353 |
| 999 ## - | |
| -- | 1311932 |
| -- | 1311932 |
| Withdrawn status | Lost status | Damaged status | Not for loan | Home library | Current library | Date acquired | Source of acquisition | Cost, normal purchase price | Inventory number | Total checkouts | Full call number | Barcode | Date last seen | Date last checked out | Price effective from | Koha item type | Date due |
|---|---|---|---|---|---|---|---|---|---|---|---|---|---|---|---|---|---|
| Integrated Law Course library | Integrated Law Course library | 7-03-24 | Apple Books | 1450.00 | 011 dt. 03-07-2024 | 3 | Z2,315 Q9 | IL1863092 | 2026-03-16 | 2026-02-19 | 2025-05-06 | Textbook | |||||
| Integrated Law Course library | Integrated Law Course library | 7-03-24 | Apple Books | 1450.00 | 011 dt. 03-07-2024 | 2 | Z2,315 Q9 | IL1863093 | 2026-02-03 | 2026-02-03 | 2025-05-06 | Textbook | 2026-02-17 |
